[Event "Goch op 14th"]
[Site "Goch"]
[Date "2003.10.05"]
[Round "7"]
[White "Der, Josef"]
[Black "Spicks, Norbert"]
[Result "1-0"]
[WhiteElo "1603"]
[BlackElo "1600"]
[PlyCount "69"]
[EventDate "2003.10.02"]
[EventType "swiss"]
[EventRounds "7"]
[EventCountry "GER"]
[SourceTitle "EXT 2006"]
[Source "ChessBase"]
[SourceDate "2005.11.24"]
[SourceVersion "1"]
[SourceVersionDate "2005.11.24"]
[SourceQuality "1"]

1. d4 d5 2. c4 e6 3. Nc3 Nf6 4. Nf3 Be7 5. e3 0-0 6. Bd2 Nbd7 7. Rc1 c6 8. a4 Re8 9. Bd3 Bd6 10. 0-0 e5 11. dxe5 Nxe5 12. Nxe5 Bxe5 13. cxd5 Nxd5 14. Bb1 Nxc3 15. Bxc3 Qxd1 16. Rfxd1 Bxc3 17. Rxc3 Be6 18. e4 Rad8 19. Rcd3 Rxd3 20. Rxd3 f5 21. e5 f4 22. h4 Bf5 23. Ba2+ Kf8 24. Rf3 Rxe5 25. Rxf4 Ke7 26. b4 Be6 27. Bxe6 Rxe6 28. g4 Re1+ 29. Kg2 Ra1 30. a5 Ra4 31. Kg3 b6 32. axb6 axb6 33. Kf3 c5 34. Re4+ Kd6 35. bxc5+ 1-0